LEADER 01375nam--2200409---450- 001 990000622310203316 005 20101221113616.0 035 $a0062231 035 $aUSA010062231 035 $a(ALEPH)000062231USA01 035 $a0062231 100 $a20010912d1982----km-y0itay0103----ba 101 $aita 102 $aIT 105 $a||||||||001yy 200 1 $a<> ordinamento del mercato del lavoro tra riforma e sperimentazione$el'esperienza della legge 16 aprile 1981 n. 140 in Campania$fGiuseppe Ferraro, Gennaro Oliviero 210 $aPadova$cCEDAM$d1982 215 $aXIV, 216 p.$d24 cm 410 $12001 461 1$1001-------$12001 606 0 $aCollocamento$xLegislazione 606 $alavoro$xDomanda e offerta$yCampania 676 $a344.4501 700 1$aFERRARO,$bGiuseppe$f<1947- ;$cNapoli>$0313773 701 1$aOLIVIERO,$bGennaro$0249039 801 0$aIT$bsalbc$gISBD 912 $a990000622310203316 951 $aXXV.2.C. 441 (IEP X 59)$b177 EC$cIEP X$d00200553 959 $aBK 969 $aECO 979 $aPATTY$b90$c20010912$lUSA01$h1033 979 $c20020403$lUSA01$h1711 979 $aPATRY$b90$c20040406$lUSA01$h1643 979 $aRSIAV1$b90$c20090304$lUSA01$h1102 979 $aRSIAV2$b90$c20101221$lUSA01$h1136 996 $aOrdinamento del mercato del lavoro tra riforma e sperimentazione$9617755 997 $aUNISA LEADER 03199oam 2200589zu 450 001 9910137466603321 005 20210807002353.0 010 $a2-940503-03-6 024 7 $a10.4000/books.iheid.490 035 $a(CKB)3170000000061015 035 $a(SSID)ssj0001541342 035 $a(PQKBManifestationID)11862909 035 $a(PQKBTitleCode)TC0001541342 035 $a(PQKBWorkID)11534789 035 $a(PQKB)10253044 035 $a(WaSeSS)IndRDA00044257 035 $a(FrMaCLE)OB-iheid-490 035 $a(oapen)https://directory.doabooks.org/handle/20.500.12854/44596 035 $a(PPN)182826570 035 $a(oapen)doab44596 035 $a(EXLCZ)993170000000061015 100 $a20160829d2012 uy 101 0 $aeng 135 $aur||||||||||| 181 $ctxt 182 $cc 183 $acr 200 10$aDecentralisation hybridized : a Western concept on its way through South Sudan 210 $cGraduate Institute Publications$d2012 210 31$a[Place of publication not identified]$cGraduate Institute Publications$d2012 215 $a1 online resource (130 pages) 225 0 $aDevelopment Studies ;$vNumber 14 300 $aBibliographic Level Mode of Issuance: Monograph 311 08$a2-940503-02-8 320 $aIncludes bibliographical references. 330 $aSouth Sudan is undergoing a process of internationally-supported state building of which decentralisation forms part. For the people, decentralisation is understood as a right to self-rule based on native?stranger dichotomies and as a means of appropriating and incorporating an abstract and distant state into the local context. The South Sudanese government, in contrast, sees decentralisation primarily as a tool for service delivery and development. Conversely, the international community, in its desire to guarantee international stability through the creation of Western-style states all over the world, sees decentralisation as one tool in the state-building toolbox. These different interpretations of decentralization may not only lead to misunderstandings, but different groups and different ways of understanding decentralisation have interacted throughout history, and attempts to impose a particular understanding on other actors continue. Annina Aeberli examines this hybridisation of state ?decentralisation? and argues that the international community and the government cannot and should not try to ignore people?s understandings and expectations: a state ? in whatever form ? always depends on the acceptance of the people. 606 $aGovernment - Non-U.S$2HILCC 606 $aLaw, Politics & Government$2HILCC 606 $aGovernment - Asia$2HILCC 610 $adecentralisation 610 $adevelopment policies and practices 610 $aeconomic development 610 $astate construction 615 7$aGovernment - Non-U.S. 615 7$aLaw, Politics & Government 615 7$aGovernment - Asia 700 $aAeberli$b Annina$0891379 801 0$bPQKB 906 $aBOOK 912 $a9910137466603321 996 $aDecentralisation hybridized : a Western concept on its way through South Sudan$91990991 997 $aUNINA